| 000 | 00458nam a2200133Ia 4500 | ||
|---|---|---|---|
| 008 | 170221s9999 xx 000 0 und d | ||
| 100 | _aSazali Abidin | ||
| 245 | _aIntensity of Price and Volatility Spillover Effects in Asia-Pacific Basin Equity Markets | ||
| 245 | _cSazali Abidin, Krishna Reddy, and Chun Zhang | ||
| 260 | _c2012 | ||
| 300 | _a1 : 4 | ||
| 650 | _xBusiness | ||
| 856 | _uhttp://ro.uow.edu.au/cgi/viewcontent.cgi?article=1515&context=aabfj | ||
| 999 |
_c313393 _d313393 |
||